Online katalóg knižníc regiónu Turca

Skrytá krása (Record no. 22154)

MARC details
000 -LEADER
fixed length control field 01529cam a2200421 a 4500
001 - CONTROL NUMBER
control field 22154
003 - CONTROL NUMBER IDENTIFIER
control field VRT
005 - DATE AND TIME OF LATEST TRANSACTION
control field 20260321103206.0
008 - FIXED-LENGTH DATA ELEMENTS--GENERAL INFORMATION
fixed length control field 240226s1996 xo ra 000 f slo
015 ## - NATIONAL BIBLIOGRAPHY NUMBER
National bibliography number SNBA1997/1002906
020 ## - INTERNATIONAL STANDARD BOOK NUMBER
International Standard Book Number 8085352788
035 ## - SYSTEM CONTROL NUMBER
System control number SNK000243482
035 ## - SYSTEM CONTROL NUMBER
System control number urn:nbn:sk:snk-amkghc
035 ## - SYSTEM CONTROL NUMBER
System control number urn:nbn:sk:snk-am008fut
035 ## - SYSTEM CONTROL NUMBER
System control number D3F3C008-CC7D-4A23-81D1-70F67C87C828
039 #9 - LEVEL OF BIBLIOGRAPHIC CONTROL AND CODING DETAIL [OBSOLETE]
Level of rules in bibliographic description 202402261730
Level of effort used to assign nonsubject heading access points VLOAD
Level of effort used to assign subject headings 202205120758
Level of effort used to assign classification VLOAD
Level of effort used to assign subject headings 202112302016
Level of effort used to assign classification AUTHORITY
Level of effort used to assign subject headings 202112301948
Level of effort used to assign classification csnk01
040 ## - CATALOGING SOURCE
Original cataloging agency SNK
Language of cataloging slo
Original cataloging agency SNK
Description conventions AACR2
041 1# - LANGUAGE CODE
Language code of text/sound track or separate title slo
Language code of original eng
044 ## - COUNTRY OF PUBLISHING/PRODUCING ENTITY CODE
MARC country code xo
ISO country code SK
080 ## - UNIVERSAL DECIMAL CLASSIFICATION NUMBER
Universal Decimal Classification number 821.111(415)-31
Edition identifier 2001
100 1# - MAIN ENTRY--PERSONAL NAME
Personal name Edmonds, Lucinda,
Dates associated with a name 1965-2021
Relationship aut
240 10 - UNIFORM TITLE
Uniform title Hidden beauty
Language of a work Slovensky
245 10 - TITLE STATEMENT
Title Skrytá krása
Statement of responsibility, etc. Lucinda Edmonds ; [z anglického originálu Hidden beauty ... preložila Marta Kastlová]
260 ## - PUBLICATION, DISTRIBUTION, ETC.
Place of publication, distribution, etc. Bratislava
Name of publisher, distributor, etc. Remedium
Date of publication, distribution, etc. 1996
300 ## - PHYSICAL DESCRIPTION
Extent 383 s.
Dimensions 21 cm
655 #7 - INDEX TERM--GENRE/FORM
Genre/form data or focus term írske romány (anglicky)
Source of term SNKPH
700 1# - ADDED ENTRY--PERSONAL NAME
Personal name Kastlová, Marta
Relationship trl
910 ## - USER-OPTION DATA (OCLC)
User-option data snk
911 ## - EQUIVALENCE OR CROSS-REFERENCE-CONFERENCE OR MEETING NAME [LOCAL, CANADA]
Meeting name or jurisdiction name as entry element KN 1997/10
Number [OBSOLETE] 02906
942 ## - ADDED ENTRY ELEMENTS (KOHA)
Source of classification or shelving scheme Dewey Decimal Classification
Koha item type Krásna literatúra pre dospelých
Suppress in OPAC No
949 ## - LOCAL PROCESSING INFORMATION (OCLC)
9 P60, <09>, [BOOK], {629}
a snkC 1563
b snk3043/970627
949 ## - LOCAL PROCESSING INFORMATION (OCLC)
6 17A0072280
9 P60, <05>, [BOOK], {605}
a snkSC 93484 D1
b snkKSP 6678/97
949 ## - LOCAL PROCESSING INFORMATION (OCLC)
6 2889749371
a savukPV 978
949 ## - LOCAL PROCESSING INFORMATION (OCLC)
6 17A0072281
9 P60, <03>, [BOOK], {603}
a snkSC 93484
b snkKSP 6677/97
s 6100:20140925
949 ## - LOCAL PROCESSING INFORMATION (OCLC)
6 270001000005075
a svkbbA 93526
p 620.003
949 ## - LOCAL PROCESSING INFORMATION (OCLC)
6 273K0212756
a svkpoB 65362
b svkpo421743
949 ## - LOCAL PROCESSING INFORMATION (OCLC)
6 270001000054506
a svkbbA 93526
p 609.227
Holdings
Stav vyradenia Strata Poškodenie Spôsob nadobudnutia Domovská knižnica Aktuálna knižnica Dátum nadobudnutia Total checkouts Čiarový kód exemplára Date last seen Typ exemplára
      Dar Obecná knižnica Horná Štubňa Obecná knižnica Horná Štubňa 21.03.2026   9788085352788 21.03.2026 Krásna literatúra pre dospelých
      Dar Obecná knižnica Turčianska Štiavnička Obecná knižnica Turčianska Štiavnička 29.04.2026   4738001123 29.04.2026 Krásna literatúra pre dospelých
Projekt je podporený Slovenskou asociáciou knižníc
Prevádzkuje Turčianska knižnica Martin 2026